=LDR 00000nam 2200000 4500 =001 INLIS000000000014374 =005 20130612105643 =008 ***********************************Ind** =035 ##$$0010-061300000014374 =041 ##$$a Ind =082 ##$$a 547.28 =090 ##$$a 547.28, Ste k =100 ##$$a AC Stevanus MP =245 ##$$a Polimer dan polimerisasi, AC Stevanus MP =260 ##$$a 2001 $b Jakarta =300 ##$$a xxii.670 hlm, 23cm =650 ##$$a Polimer dan Polimerisasi =850 ##$$a NBPNMAT